| 000 | 01077nam a22002535a 4500 | ||
|---|---|---|---|
| 003 | OSt | ||
| 005 | 20161122140507.0 | ||
| 008 | 161122s2013 ua frb 000 0 ara d | ||
| 015 | _a2013/7395 | ||
| 020 | _a9789776442016 | ||
| 040 |
_aEG-ScBUE _bara _cEG-ScBUE |
||
| 082 | 0 | 4 |
_a345.0268 _bع و ا _222 |
| 100 | 1 | _aعوا، محمد عبد الله. | |
| 245 | 1 | 0 |
_aجرائم الأموال عبر الإنترنت : _bدراسة مقارنة للجريمة عبر الإنترنت في التشريعات والاتفاقيات الدولية / _cمحمد عبد الله العوا. |
| 250 | _aط. 1. | ||
| 260 |
_aالإسكندرية : _bدار الفتح للطباعة والنشر، _c2013. |
||
| 300 |
_a622 ص. ؛ _c24 سم. |
||
| 650 | 7 |
_aجرائم الأموال _xقوانين وتشريعات _zمصر. _2BUEsh |
|
| 650 | 7 |
_aجرائم الحاسبات الإلكترونية _xقوانين وتشريعات _zمصر. _2BUEsh |
|
| 650 | 7 |
_aالاتفاقيات الدولية. _2BUEsh _916817 |
|
| 651 | _2BUEsh | ||
| 653 |
_bLLAAWW _cNovember2016 |
||
| 942 | _2ddc | ||
| 999 |
_c23277 _d23249 |
||